Science-based rehabilitation : (Record no. 4911)
[ view plain ]
| 000 -LEADER | |
|---|---|
| fixed length control field | 00696nam a22002177a 4500 |
| 003 - CONTROL NUMBER IDENTIFIER | |
| control field | OSt |
| 005 - DATE AND TIME OF LATEST TRANSACTION | |
| control field | 20160803152321.0 |
| 008 - FIXED-LENGTH DATA ELEMENTS--GENERAL INFORMATION | |
| fixed length control field | 160803b xxu||||| |||| 00| 0 eng d |
| 020 ## - INTERNATIONAL STANDARD BOOK NUMBER | |
| International Standard Book Number | 075065564x |
| 040 ## - CATALOGING SOURCE | |
| Transcribing agency | 040a |
| 082 ## - DEWEY DECIMAL CLASSIFICATION NUMBER | |
| Classification number | WB 320 |
| Item number | S1s 2005 |
| 245 ## - TITLE STATEMENT | |
| Title | Science-based rehabilitation : |
| Remainder of title | theories into practice / |
| Statement of responsibility, etc. | Kathryn Refshauge, Louise Ada, Elizabeth Ellis |
| 260 ## - PUBLICATION, DISTRIBUTION, ETC. (IMPRINT) | |
| Place of publication, distribution, etc. | Edinburgh |
| Name of publisher, distributor, etc. | Butterworth Heinemann |
| Date of publication, distribution, etc. | 2005 |
| 300 ## - PHYSICAL DESCRIPTION | |
| Extent | x, 255p; |
| Other physical details | col.ill : |
| Dimensions | 14 cm. |
| 504 ## - BIBLIOGRAPHY, ETC. NOTE | |
| Bibliography, etc | Includes bibliographical references and index |
| 650 ## - SUBJECT ADDED ENTRY--TOPICAL TERM | |
| Topical term or geographic name as entry element | Rehabilitation |
| 9 (RLIN) | 10549 |
| 700 ## - ADDED ENTRY--PERSONAL NAME | |
| Personal name | Refshauge, Kathryn |
| 9 (RLIN) | 10550 |
| 700 ## - ADDED ENTRY--PERSONAL NAME | |
| Personal name | Ada, Louise |
| 9 (RLIN) | 10551 |
| 700 ## - ADDED ENTRY--PERSONAL NAME | |
| Personal name | Ellis, Elizabeth |
| 9 (RLIN) | 10552 |
| 942 ## - ADDED ENTRY ELEMENTS (KOHA) | |
| Source of classification or shelving scheme | Other/Generic Classification Scheme |
| Koha item type | Open Shelf |
| Withdrawn status | Lost status | Source of classification or shelving scheme | Damaged status | Not for loan | Home library | Current library | Date acquired | Source of acquisition | Inventory number | Total Checkouts | Full call number | Barcode | Date last seen | Price effective from | Koha item type |
|---|---|---|---|---|---|---|---|---|---|---|---|---|---|---|---|
| Other/Generic Classification Scheme | MUST Main Library | MUST Main Library | 03/08/2016 | 2009/31419 | WB 320 S1s 2005 | 2016-3515 | 03/08/2016 | 03/08/2016 | Open Shelf |
